Name the microstates - Statistics

General Stats
  • This quiz has been taken 29 times
  • The average score is 7 of 11
Answer Stats
Hint Answer % Correct
Italy San marino
100%
Smallest country Vatican city
100%
South europe Liechtenstein
91%
Between 2 countries Andorra
86%
West europe Luxembourg
86%
Highest GDP/PC Monaco
82%
Most bombed in WW2 Malta
68%
South east asia Brunei
59%
Apart of the UK Isle of man
59%
Only 27 people live here! Sealand
9%
English channel New jersey
5%
No matching quizzes found
Score Distribution
Percent of People with Each Score
Percentile by Number Answered
Your Score History
You have not taken this quiz